000 00491nam a2200181Ia 4500
005 20230515111402.0
008 131103s9999 xx 000 0 und d
040 _aLoreto College
041 _aEnglish
082 _a330.19
_bMYR
100 _aMyrdal,Gunnar
245 _aAsian Drama
_b An Inquiry into the poverty of nations/Vol III
_cGunnar Myrdal
260 _aHarmondsworth
_bPenguin Books
_c1968
300 _axvii,2284 p.
650 _aEconomics
850 _aLCLIB
942 _cBK
999 _c19402
_d69881